[Event "Madrid 2019-2020 ch - Previa A"]
[Site "Madrid ESP"]
[Date "2020.02.03"]
[Round "1.1"]
[White "Sarabia Diaz, Santiago"]
[Black "Vazquez Gonzalez, Jesus"]
[Result "1-0"]
[WhiteElo "1724"]
[BlackElo "1983"]
[PlyCount "91"]
[EventDate "2020.02.03"]
[EventType "swiss"]
[EventRounds "9"]
[EventCountry "ESP"]
[SourceTitle "Ajedrez en Madrid"]
[Source "lmi"]
[SourceDate "2020.02.03"]
[SourceVersion "1"]
[SourceVersionDate "2020.02.27"]
[SourceQuality "1"]

1. e4 d6 2. Bc4 Nf6 3. d3 e5 4. Nc3 c6 5. a3 Be7 6. Nf3 Bg4 7. Be3 O-O 8. h3
Bh5 9. Rg1 d5 10. g4 Bg6 11. g5 Nxe4 12. dxe4 dxc4 13. Qxd8 Bxd8 14. Nxe5 Ba5
15. f3 Bxc3+ 16. bxc3 b5 17. Rd1 Re8 18. Rd6 Bh5 19. Kf2 a5 20. Rgd1 f5 21.
gxf6 Rxe5 22. Rd8+ Be8 23. Rg1 g6 24. Bf4 Re6 25. Bxb8 Kf7 26. Rgd1 b4 27. axb4
axb4 28. e5 Ra2 29. cxb4 Rxc2+ 30. Ke3 c5 31. Ra1 g5 32. Ra7+ Kg6 33. Rg7+ Kf5
34. f7 Bxf7 35. Rxf7+ Kg6 36. Rb7 cxb4 37. Rxb4 Re7 38. Rd2 Rc3+ 39. Ke2 Rf7
40. Rb6+ Kh5 41. Rf6 Rb7 42. Bd6 Rbb3 43. Bc5 Rc1 44. e6 Rbb1 45. e7 c3 46.
e8=Q+ 1-0

[Event "Madrid 2019-2020 ch - Previa A"]
[Site "Madrid ESP"]
[Date "2020.02.03"]
[Round "1.3"]
[White "Lopez Heras, Arturo"]
[Black "Cabañas Bravo, Juan Andres"]
[Result "0-1"]
[WhiteElo "1719"]
[BlackElo "1981"]
[PlyCount "86"]
[EventDate "2020.02.03"]
[EventType "swiss"]
[EventRounds "9"]
[EventCountry "ESP"]
[SourceTitle "Ajedrez en Madrid"]
[Source "lmi"]
[SourceDate "2020.02.03"]
[SourceVersion "1"]
[SourceVersionDate "2020.02.27"]
[SourceQuality "1"]

1. e4 e5 2. Nf3 Nc6 3. d4 exd4 4. Nxd4 Qf6 5. Nxc6 Bc5 6. Qd2 bxc6 7. Nc3 Bb4
8. Bc4 Ne7 9. O-O Bxc3 10. bxc3 O-O 11. Qd4 Qg6 12. f4 c5 13. Qe3 d6 14. f5 Qf6
15. Bd2 Rb8 16. Rf3 Re8 17. Qf2 Nc6 18. Bd5 Ne5 19. Rg3 h6 20. Bf4 Kf8 21. Qd2
Rb6 22. Rh3 Ba6 23. Bxh6 gxh6 24. Rxh6 Qg7 25. Rh3 Ke7 26. Qf4 c6 27. Bb3 c4
28. Ba4 Bc8 29. Rf1 f6 30. Rg3 Qf7 31. Qh6 Rg8 32. Rxg8 Qxg8 33. Rd1 Ra6 34.
Rxd6 Kxd6 35. Qxf6+ Be6 36. fxe6 Qxe6 37. Qf8+ Kc7 38. Qb4 Qd6 39. h4 Qxb4 40.
cxb4 Rxa4 41. h5 Rxa2 42. h6 Rxc2 43. h7 Ng6 0-1

[Event "Madrid 2019-2020 ch - Previa A"]
[Site "Madrid ESP"]
[Date "2020.02.03"]
[Round "1.4"]
[White "Pinel Mirasierra, Jose Pablo"]
[Black "Lopez Orellana, Federico"]
[Result "1/2-1/2"]
[WhiteElo "1966"]
[BlackElo "1705"]
[PlyCount "132"]
[EventDate "2020.02.03"]
[EventType "swiss"]
[EventRounds "9"]
[EventCountry "ESP"]
[SourceTitle "Ajedrez en Madrid"]
[Source "lmi"]
[SourceDate "2020.02.03"]
[SourceVersion "1"]
[SourceVersionDate "2020.02.27"]
[SourceQuality "1"]

1. e4 b6 2. d4 Bb7 3. Nc3 e6 4. Nf3 Bb4 5. Bd3 Nf6 6. Qe2 d5 7. exd5 Qxd5 8.
Bd2 Bxc3 9. bxc3 Nbd7 10. c4 Qh5 11. O-O O-O 12. Bf4 Rac8 13. Rfe1 Rfe8 14. Ne5
Qxe2 15. Rxe2 c5 16. c3 Ba6 17. Rc2 Bb7 18. f3 Red8 19. Rd1 g6 20. Bg5 Re8 21.
Bh4 Nxe5 22. dxe5 Nh5 23. Bf1 Bc6 24. Rd6 Ng7 25. Bg5 Nf5 26. Rdd2 h6 27. Bf6
Rc7 28. Kf2 Kf8 29. g4 Ne7 30. f4 Rd7 31. Rxd7 Bxd7 32. Rd2 Bc6 33. Bg2 Rc8 34.
Bxc6 Nxc6 35. Rd7 Ke8 36. Rb7 Rb8 37. Rc7 Na5 38. Re7+ Kf8 39. Rxa7 Nxc4 40.
Ke2 Na5 41. Rc7 Ke8 42. a4 Nc4 43. Re7+ Kf8 44. Ra7 Ke8 45. h4 h5 46. gxh5 gxh5
47. Kd3 Na5 48. Re7+ Kf8 49. Rc7 Kg8 50. Ke4 Nc4 51. f5 Ra8 52. fxe6 fxe6 53.
Kf4 Rxa4 54. Kg5 Ne3 55. Rg7+ Kf8 56. Rb7 Nd5 57. Kxh5 Nxf6+ 58. exf6 Rf4 59.
Kg5 Rf1 60. Rxb6 Rg1+ 61. Kf4 Kf7 62. Rc6 Rf1+ 63. Ke4 Rf5 64. c4 Kxf6 65. Rc8
Rh5 66. Kd3 Ke7 1/2-1/2

[Event "Madrid 2019-2020 ch - Previa A"]
[Site "Madrid ESP"]
[Date "2020.02.03"]
[Round "1.5"]
[White "Hernandez Garcia, Carlos"]
[Black "Ciuro Muñoz, Ricardo"]
[Result "0-1"]
[WhiteElo "1679"]
[BlackElo "1953"]
[PlyCount "48"]
[EventDate "2020.02.03"]
[EventType "swiss"]
[EventRounds "9"]
[EventCountry "ESP"]
[SourceTitle "Ajedrez en Madrid"]
[Source "lmi"]
[SourceDate "2020.02.03"]
[SourceVersion "1"]
[SourceVersionDate "2020.02.27"]
[SourceQuality "1"]

1. e4 e6 2. d4 d5 3. exd5 exd5 4. Be3 Nf6 5. Nf3 Bd6 6. h3 Bf5 7. Bd3 Bg6 8.
Bxg6 hxg6 9. Nbd2 Nbd7 10. c3 Ng4 11. O-O Nxe3 12. fxe3 Nf6 13. Qc2 Qe7 14. e4
Nxe4 15. Rae1 f5 16. Qb3 O-O-O 17. c4 Nxd2 18. Nxd2 Qg5 19. Qe3 Qxe3+ 20. Rxe3
Bb4 21. Rf2 dxc4 22. Nxc4 Rxd4 23. Rc2 Ba5 24. Nd2 Bb6 0-1

[Event "Madrid 2019-2020 ch - Previa A"]
[Site "Madrid ESP"]
[Date "2020.02.03"]
[Round "1.6"]
[White "Alvarez Abejon, Amilcar"]
[Black "Lucia Carpintero, Oscar"]
[Result "1-0"]
[WhiteElo "1947"]
[BlackElo "1655"]
[PlyCount "35"]
[EventDate "2020.02.03"]
[EventType "swiss"]
[EventRounds "9"]
[EventCountry "ESP"]
[SourceTitle "Ajedrez en Madrid"]
[Source "lmi"]
[SourceDate "2020.02.03"]
[SourceVersion "1"]
[SourceVersionDate "2020.02.27"]
[SourceQuality "1"]

1. d4 d5 2. Bf4 Nf6 3. e3 c5 4. c3 Qb6 5. Qb3 c4 6. Qc2 Nc6 7. Nd2 g6 8. e4
dxe4 9. Nxc4 Qd8 10. Ne2 Bf5 11. Ng3 e6 12. Be5 e3 13. Nxf5 exf2+ 14. Qxf2 Nxe5
15. Nfd6+ Bxd6 16. Nxd6+ Qxd6 17. Qxf6 O-O 18. Qxe5 1-0

[Event "Madrid 2019-2020 ch - Previa A"]
[Site "Madrid ESP"]
[Date "2020.02.03"]
[Round "1.7"]
[White "Jara Sanchez, Carlos"]
[Black "Gil Sierra, Jacinto"]
[Result "0-1"]
[WhiteElo "1652"]
[BlackElo "1945"]
[PlyCount "36"]
[EventDate "2020.02.03"]
[EventType "swiss"]
[EventRounds "9"]
[EventCountry "ESP"]
[SourceTitle "Ajedrez en Madrid"]
[Source "lmi"]
[SourceDate "2020.02.03"]
[SourceVersion "1"]
[SourceVersionDate "2020.02.27"]
[SourceQuality "1"]

1. e4 c5 2. Nf3 Nc6 3. d3 d6 4. g3 g6 5. Bg2 Bg7 6. Nbd2 e5 7. O-O Nge7 8. Re1
O-O 9. Nf1 f5 10. Bg5 h6 11. Bd2 Kh7 12. c4 Be6 13. a3 Qd7 14. Ne3 Rf7 15. b4
Raf8 16. b5 Nd4 17. Nxd4 exd4 18. f4 dxe3 0-1

[Event "Madrid 2019-2020 ch - Previa A"]
[Site "Madrid ESP"]
[Date "2020.02.03"]
[Round "1.8"]
[White "Esteban Amo, Jose M."]
[Black "Martin-Buitrago Lopez, Antonio"]
[Result "1-0"]
[WhiteElo "1932"]
[BlackElo "1641"]
[PlyCount "57"]
[EventDate "2020.02.03"]
[EventType "swiss"]
[EventRounds "9"]
[EventCountry "ESP"]
[SourceTitle "Ajedrez en Madrid"]
[Source "lmi"]
[SourceDate "2020.02.03"]
[SourceVersion "1"]
[SourceVersionDate "2020.02.27"]
[SourceQuality "1"]

1. d4 Nf6 2. Nf3 e6 3. e3 c5 4. Bd3 Nc6 5. O-O cxd4 6. exd4 Be7 7. c3 a6 8. Bf4
Nh5 9. Be3 Nf6 10. Nbd2 Nd5 11. Qe2 b5 12. Ne4 f5 13. Nc5 Bxc5 14. dxc5 O-O 15.
Bd2 Qf6 16. c4 bxc4 17. Bxc4 Nde7 18. Bc3 Qg6 19. Rad1 Kh8 20. Rd3 Ng8 21. Nh4
Qg4 22. Rg3 Nd4 23. Qxg4 fxg4 24. Bxd4 Rf4 25. Rd3 e5 26. Bxg8 exd4 27. Bd5 Rb8
28. g3 Rf6 29. Re1 1-0

[Event "Madrid 2019-2020 ch - Previa A"]
[Site "Madrid ESP"]
[Date "2020.02.03"]
[Round "1.9"]
[White "Gortazar Rubial, Javier Maria"]
[Black "Garcia Galeote, Lorenzo"]
[Result "0-1"]
[WhiteElo "1633"]
[BlackElo "1926"]
[PlyCount "120"]
[EventDate "2020.02.03"]
[EventType "swiss"]
[EventRounds "9"]
[EventCountry "ESP"]
[SourceTitle "Ajedrez en Madrid"]
[Source "lmi"]
[SourceDate "2020.02.03"]
[SourceVersion "1"]
[SourceVersionDate "2020.02.27"]
[SourceQuality "1"]

1. e4 d5 2. exd5 Qxd5 3. Nc3 Qd6 4. d4 Nf6 5. Bd3 c6 6. Nge2 Bg4 7. f3 Bh5 8.
Bf4 Qd8 9. O-O e6 10. a3 Be7 11. Ne4 O-O 12. Nxf6+ Bxf6 13. c3 Nd7 14. Ng3 Bg6
15. Ne4 Be7 16. Bd6 Nb6 17. Bxe7 Qxe7 18. Re1 Rad8 19. Nc5 Nd5 20. Bxg6 hxg6
21. Qd2 Nf6 22. Qg5 Rd5 23. Re5 Rxe5 24. Qxe5 Rd8 25. Re1 b6 26. Ne4 Rd5 27.
Qb8+ Rd8 28. Qg3 c5 29. Nxf6+ gxf6 30. dxc5 Qxc5+ 31. Qf2 Qg5 32. Qe3 Qxe3+ 33.
Rxe3 Rd2 34. b4 b5 35. Kf1 Ra2 36. c4 bxc4 37. Rc3 Kg7 38. b5 Rb2 39. Rxc4 Rxb5
40. Kf2 g5 41. g4 f5 42. h3 Rb2+ 43. Kg1 Rb3 44. gxf5 Rxa3 45. fxe6 fxe6 46.
Kg2 Kf6 47. Kg3 a5 48. h4 gxh4+ 49. Rxh4 Ra2 50. Rh6+ Kf5 51. Rh5+ Kg6 52. Rh8
a4 53. Kf4 a3 54. Rg8+ Kf6 55. Rf8+ Ke7 56. Ra8 Ra1 57. Ra7+ Kf6 58. Ra6 a2 59.
Ra5 e5+ 60. Rxe5 Rb1 0-1

[Event "Madrid 2019-2020 ch - Previa A"]
[Site "Madrid ESP"]
[Date "2020.02.03"]
[Round "1.10"]
[White "Rodriguez Diaz, Alberto Jose"]
[Black "Bellagamba, Pascal"]
[Result "1-0"]
[WhiteElo "1910"]
[BlackElo "1612"]
[PlyCount "69"]
[EventDate "2020.02.03"]
[EventType "swiss"]
[EventRounds "9"]
[EventCountry "ESP"]
[SourceTitle "Ajedrez en Madrid"]
[Source "lmi"]
[SourceDate "2020.02.03"]
[SourceVersion "1"]
[SourceVersionDate "2020.02.27"]
[SourceQuality "1"]

1. f4 d5 2. b3 Nf6 3. Nf3 c5 4. Bb2 Nc6 5. e3 a6 6. a4 e6 7. Be2 Be7 8. O-O O-O
9. Ne5 Qc7 10. Nxc6 Qxc6 11. Bd3 Rb8 12. Rf3 g6 13. Be5 Ra8 14. Rh3 Ne4 15.
Bxe4 dxe4 16. Qg4 f6 17. Qh4 Rf7 18. Bc3 e5 19. g4 exf4 20. exf4 b6 21. Re3 Bb7
22. Qf2 Rd8 23. h4 c4 24. b4 a5 25. bxa5 Bc5 26. axb6 Qxb6 27. Na3 Bxe3 28.
Qxe3 Qxe3+ 29. dxe3 Ba6 30. Rb1 Rb7 31. Rxb7 Bxb7 32. Bxf6 Rd1+ 33. Kf2 Bd5 34.
a5 Ra1 35. Bxa1 1-0

[Event "Madrid 2019-2020 ch - Previa A"]
[Site "Madrid ESP"]
[Date "2020.02.03"]
[Round "1.11"]
[White "Del Castillo Izquierdo, Jose"]
[Black "Ruiz Quevedo, Andres"]
[Result "1-0"]
[WhiteElo "1602"]
[BlackElo "1898"]
[PlyCount "27"]
[EventDate "2020.02.03"]
[EventType "swiss"]
[EventRounds "9"]
[EventCountry "ESP"]
[SourceTitle "Ajedrez en Madrid"]
[Source "lmi"]
[SourceDate "2020.02.03"]
[SourceVersion "1"]
[SourceVersionDate "2020.02.27"]
[SourceQuality "1"]

1. d4 Nf6 2. Nf3 e6 3. c4 Bb4+ 4. Bd2 Qe7 5. Qc2 O-O 6. Nc3 Nc6 7. e4 d5 8.
cxd5 exd5 9. e5 Ne4 10. Nxd5 Bxd2+ 11. Nxd2 Qd8 12. Qxe4 f5 13. Qe3 Qxd5 14.
Bc4 1-0

[Event "Madrid 2019-2020 ch - Previa A"]
[Site "Madrid ESP"]
[Date "2020.02.03"]
[Round "1.12"]
[White "Rosa Ramirez, Victor D."]
[Black "Castro Uceda, Jose Antonio"]
[Result "1-0"]
[WhiteElo "1888"]
[BlackElo "1607"]
[PlyCount "45"]
[EventDate "2020.02.03"]
[EventType "swiss"]
[EventRounds "9"]
[EventCountry "ESP"]
[SourceTitle "Ajedrez en Madrid"]
[Source "lmi"]
[SourceDate "2020.02.03"]
[SourceVersion "1"]
[SourceVersionDate "2020.02.27"]
[SourceQuality "1"]

1. e4 c5 2. c3 e6 3. d4 cxd4 4. cxd4 Bb4+ 5. Nc3 Nf6 6. Bd3 O-O 7. Nf3 d6 8.
O-O h6 9. Qe2 Re8 10. e5 Bxc3 11. exf6 Bxb2 12. Bxb2 Qxf6 13. Rac1 Na6 14. Qe4
Nb4 15. Qh7+ Kf8 16. Bb5 Rd8 17. Qh8+ Ke7 18. Rc7+ Bd7 19. Rxd7+ Rxd7 20. Qxa8
Rd8 21. Qxb7+ Kf8 22. Bc4 d5 23. Qxb4+ 1-0

[Event "Madrid 2019-2020 ch - Previa A"]
[Site "Madrid ESP"]
[Date "2020.02.03"]
[Round "1.13"]
[White "Rubio Gonzalez, Beltran"]
[Black "Cardena Contreras, Javier"]
[Result "0-1"]
[WhiteElo "1601"]
[BlackElo "1887"]
[PlyCount "64"]
[EventDate "2020.02.03"]
[EventType "swiss"]
[EventRounds "9"]
[EventCountry "ESP"]
[SourceTitle "Ajedrez en Madrid"]
[Source "lmi"]
[SourceDate "2020.02.03"]
[SourceVersion "1"]
[SourceVersionDate "2020.02.27"]
[SourceQuality "1"]

1. d4 d5 2. c4 Nc6 3. cxd5 Qxd5 4. e3 e5 5. Nc3 Bb4 6. a3 Bxc3+ 7. bxc3 Nf6 8.
c4 Qd6 9. d5 Ne7 10. a4 c5 11. Ne2 Ng6 12. Nc3 a6 13. Be2 O-O 14. h4 e4 15. g4
h6 16. g5 Qe5 17. Bb2 hxg5 18. hxg5 Qxg5 19. Kd2 Qf5 20. Qg1 Bd7 21. a5 Rab8
22. Qh2 Rfe8 23. Na4 Bxa4 24. Rxa4 b5 25. axb6 Rxb6 26. Bc3 Reb8 27. Rha1 Nxd5
28. cxd5 Qxd5+ 29. Kc1 Rb3 30. Ba5 Ne5 31. Qg1 Nd3+ 32. Bxd3 Qxd3 0-1

[Event "Madrid 2019-2020 ch - Previa A"]
[Site "Madrid ESP"]
[Date "2020.02.03"]
[Round "1.15"]
[White "Alises Fontecha, Juan"]
[Black "Marcos Herrero, Francisco"]
[Result "1-0"]
[WhiteElo "1586"]
[BlackElo "1883"]
[PlyCount "77"]
[EventDate "2020.02.03"]
[EventType "swiss"]
[EventRounds "9"]
[EventCountry "ESP"]
[SourceTitle "Ajedrez en Madrid"]
[Source "lmi"]
[SourceDate "2020.02.03"]
[SourceVersion "1"]
[SourceVersionDate "2020.02.27"]
[SourceQuality "1"]

1. e4 c5 2. c3 d5 3. exd5 Qxd5 4. d4 g6 5. Nf3 Bg7 6. Be2 Nf6 7. O-O O-O 8.
dxc5 Qxc5 9. Be3 Qa5 10. Nbd2 Rd8 11. Qb3 Nc6 12. Rfd1 Qc7 13. Nd4 Nxd4 14.
Bxd4 e5 15. Be3 Be6 16. Qb4 Nd5 17. Qc5 b6 18. Qxc7 Nxc7 19. Bc4 Nd5 20. Bb3
Nxe3 21. fxe3 Bg4 22. Nf3 Kf8 23. h3 Bxf3 24. gxf3 Ke7 25. Bd5 Rac8 26. a4 Rc5
27. e4 f5 28. c4 Bf8 29. b4 Rcc8 30. a5 Rc7 31. axb6 axb6 32. Ra6 Rb8 33. c5
Ke8 34. cxb6 Rc3 35. b7 Bxb4 36. Ra8 Bd6 37. Bc6+ Rxc6 38. Rxd6 Rxd6 39. Rxb8+
1-0

[Event "Madrid 2019-2020 ch - Previa A"]
[Site "Madrid ESP"]
[Date "2020.02.03"]
[Round "1.17"]
[White "Giron Herranz, Juan"]
[Black "Viñas Lopez, Carlos"]
[Result "0-1"]
[WhiteElo "1580"]
[BlackElo "1876"]
[PlyCount "66"]
[EventDate "2020.02.03"]
[EventType "swiss"]
[EventRounds "9"]
[EventCountry "ESP"]
[SourceTitle "Ajedrez en Madrid"]
[Source "lmi"]
[SourceDate "2020.02.03"]
[SourceVersion "1"]
[SourceVersionDate "2020.02.27"]
[SourceQuality "1"]

1. d4 Nf6 2. c4 e6 3. Nc3 Bb4 4. Nf3 d6 5. Bg5 Nbd7 6. e3 h6 7. Bh4 b6 8. Be2
Bb7 9. O-O Bxc3 10. bxc3 g5 11. Bg3 Ne4 12. Qc2 h5 13. h3 Nxg3 14. fxg3 g4 15.
Nh4 Qg5 16. Kh2 Nf6 17. Rf4 Rg8 18. hxg4 Nxg4+ 19. Bxg4 hxg4 20. Raf1 Rg7 21.
Qf2 O-O-O 22. e4 Rh8 23. Rxf7 Rxh4+ 24. Kg1 Rhh7 25. Rf8+ Kd7 26. Rb8 Qh6 27.
Qc2 Qh1+ 28. Kf2 Rf7+ 29. Ke3 Qxf1 30. Qa4+ Bc6 31. Qa6 Rf3+ 32. gxf3 Qxf3+ 33.
Kd2 Rh2+ 0-1

[Event "Madrid 2019-2020 ch - Previa A"]
[Site "Madrid ESP"]
[Date "2020.02.03"]
[Round "1.19"]
[White "Gonzalez Recas, Fernando"]
[Black "Gonzalez-Ruano Perez, Cesar"]
[Result "0-1"]
[WhiteElo "1548"]
[BlackElo "1855"]
[PlyCount "48"]
[EventDate "2020.02.03"]
[EventType "swiss"]
[EventRounds "9"]
[EventCountry "ESP"]
[SourceTitle "Ajedrez en Madrid"]
[Source "lmi"]
[SourceDate "2020.02.03"]
[SourceVersion "1"]
[SourceVersionDate "2020.02.27"]
[SourceQuality "1"]

1. e4 d6 2. d4 Nf6 3. Nc3 Nbd7 4. f4 e5 5. Nf3 exd4 6. Qxd4 c6 7. Be3 d5 8.
exd5 Bc5 9. Qd2 Qe7 10. Nd4 Ng4 11. Nd1 Ndf6 12. d6 Bxd6 13. h3 Ne4 14. Qe2 Ng3
15. Qf3 Nxe3 16. Nxe3 Nxh1 17. O-O-O Bc5 18. g3 O-O 19. Bg2 Re8 20. c3 Qxe3+
21. Qxe3 Rxe3 22. Kd2 Bxd4 23. cxd4 Rxg3 24. Bxh1 Bxh3 0-1

[Event "Madrid 2019-2020 ch - Previa A"]
[Site "Madrid ESP"]
[Date "2020.02.03"]
[Round "1.20"]
[White "Hernandez Recio, Roberto"]
[Black "Rodriguez Bachiller, Luis"]
[Result "1-0"]
[WhiteElo "1845"]
[BlackElo "1536"]
[PlyCount "73"]
[EventDate "2020.02.03"]
[EventType "swiss"]
[EventRounds "9"]
[EventCountry "ESP"]
[SourceTitle "Ajedrez en Madrid"]
[Source "lmi"]
[SourceDate "2020.02.03"]
[SourceVersion "1"]
[SourceVersionDate "2020.02.27"]
[SourceQuality "1"]

1. d4 b6 2. e4 Bb7 3. Bd3 e6 4. Qe2 d6 5. Nf3 Nd7 6. O-O Be7 7. Re1 c5 8. c3
Ngf6 9. Bd2 c4 10. Bc2 b5 11. b3 Nb6 12. e5 Nfd5 13. a4 a6 14. a5 Nd7 15. bxc4
bxc4 16. Qxc4 Rc8 17. Qd3 dxe5 18. Nxe5 Nxe5 19. Rxe5 Bf6 20. Re1 g6 21. Ba4+
Kf8 22. c4 Ne7 23. Bc3 Nf5 24. Rd1 Kg7 25. Na3 Nh4 26. f3 Qe7 27. Nc2 Rhd8 28.
Rab1 Nf5 29. Rb6 Qc7 30. d5 Qxc4 31. Bxf6+ Kxf6 32. Qxc4 Rxc4 33. Bb3 Rc7 34.
Nb4 Ne3 35. d6 Bc8 36. dxc7 Rxd1+ 37. Bxd1 1-0

[Event "Madrid 2019-2020 ch - Previa A"]
[Site "Madrid ESP"]
[Date "2020.02.03"]
[Round "1.21"]
[White "Martinez Carrasco, Jesus"]
[Black "Pashov, Spas Nikolov"]
[Result "0-1"]
[WhiteElo "1534"]
[BlackElo "1837"]
[PlyCount "50"]
[EventDate "2020.02.03"]
[EventType "swiss"]
[EventRounds "9"]
[EventCountry "ESP"]
[SourceTitle "Ajedrez en Madrid"]
[Source "lmi"]
[SourceDate "2020.02.03"]
[SourceVersion "1"]
[SourceVersionDate "2020.02.27"]
[SourceQuality "1"]

1. d4 Nf6 2. c4 g6 3. Nc3 d5 4. e3 Bg7 5. Nf3 O-O 6. cxd5 Nxd5 7. Nxd5 Qxd5 8.
h3 c5 9. b3 cxd4 10. Bc4 Qe4 11. Bd3 Qc6 12. Rb1 dxe3 13. Bxe3 Qc3+ 14. Qd2 Nc6
15. a3 Be6 16. Qxc3 Bxc3+ 17. Ke2 Bd5 18. h4 h5 19. Rhd1 Kg7 20. g3 Rfd8 21.
Rdc1 Bxf3+ 22. Kxf3 Rxd3 23. Ke4 Rad8 24. Rc2 f5+ 25. Kf3 Nd4+ 0-1

[Event "Madrid 2019-2020 ch - Previa A"]
[Site "Madrid ESP"]
[Date "2020.02.03"]
[Round "1.22"]
[White "Lozano Sanchez, Jose Antonio"]
[Black "Enriquez Pastor, Jorge"]
[Result "1-0"]
[WhiteElo "1832"]
[BlackElo "1513"]
[PlyCount "120"]
[EventDate "2020.02.03"]
[EventType "swiss"]
[EventRounds "9"]
[EventCountry "ESP"]
[SourceTitle "Ajedrez en Madrid"]
[Source "lmi"]
[SourceDate "2020.02.03"]
[SourceVersion "1"]
[SourceVersionDate "2020.02.27"]
[SourceQuality "1"]

1. e4 e6 2. Nf3 d5 3. e5 c5 4. d4 Nc6 5. Be2 Qb6 6. dxc5 Bxc5 7. O-O Qc7 8. Bf4
Nge7 9. Bd3 O-O 10. c3 Ng6 11. Bxg6 fxg6 12. Bg3 Ne7 13. Nbd2 Nf5 14. Nb3 Nxg3
15. hxg3 Bb6 16. Nbd4 Qe7 17. Qd2 Bxd4 18. Nxd4 Bd7 19. f4 Rf7 20. Rf2 Raf8 21.
Nf3 Qc5 22. Rc1 Qa5 23. Ra1 Qb6 24. Kf1 Qa6+ 25. Ke1 Qc4 26. Qd4 Qxd4 27. cxd4
Rc8 28. Kd1 h6 29. Rc1 Rff8 30. Rxc8 Rxc8 31. Rc2 Rxc2 32. Kxc2 Kf7 33. Kc3 a5
34. Nd2 b5 35. Nb3 b4+ 36. Kd2 a4 37. Nc5 Bb5 38. a3 bxa3 39. bxa3 g5 40. Kc3
gxf4 41. gxf4 h5 42. g3 Bc4 43. Nxa4 Kg6 44. Nc5 Kf5 45. a4 Kg4 46. Nxe6 Kxg3
47. Nxg7 h4 48. Nf5+ Kxf4 49. Nxh4 Kg5 50. Ng2 Ba6 51. Kb4 Kf5 52. Kc5 Ke4 53.
e6 Bc8 54. e7 Bd7 55. a5 Kf5 56. Kxd5 Kf6 57. Kd6 Be8 58. a6 Bh5 59. Nf4 Bf7
60. a7 Be8 1-0

[Event "Madrid 2019-2020 ch - Previa A"]
[Site "Madrid ESP"]
[Date "2020.02.03"]
[Round "1.25"]
[White "Menendez Domens, Juan Manuel"]
[Black "Camarero Izquierdo, Juan Carlos"]
[Result "0-1"]
[WhiteElo "1445"]
[BlackElo "1828"]
[PlyCount "72"]
[EventDate "2020.02.03"]
[EventType "swiss"]
[EventRounds "9"]
[EventCountry "ESP"]
[SourceTitle "Ajedrez en Madrid"]
[Source "lmi"]
[SourceDate "2020.02.03"]
[SourceVersion "1"]
[SourceVersionDate "2020.02.27"]
[SourceQuality "1"]

1. e4 c5 2. b3 d6 3. Bb2 e6 4. Bb5+ Nd7 5. Nf3 a6 6. Be2 b5 7. O-O Bb7 8. d3
Ngf6 9. Nbd2 Qc7 10. c4 b4 11. Qc2 e5 12. Rfe1 Be7 13. Nf1 O-O 14. Ng3 a5 15.
a4 Rfe8 16. Nf5 Nf8 17. Nxe7+ Qxe7 18. h3 Ne6 19. Bc1 Bc8 20. Kh2 Nh5 21. Be3
Nhf4 22. Bf1 Qf6 23. Qd2 Nxh3 24. Kxh3 Ng5+ 25. Kg3 Nxf3 26. gxf3 Qg6+ 27. Kh4
f5 28. exf5 Qxf5 29. Kg3 Re6 30. Bh3 Rg6+ 31. Bg4 h5 32. Qe2 hxg4 33. f4 Bb7
34. fxe5 Rf8 35. d4 cxd4 36. Bxd4 Qf4+ 0-1

[Event "Madrid 2019-2020 ch - Previa A"]
[Site "Madrid ESP"]
[Date "2020.02.03"]
[Round "1.26"]
[White "Jimenez Gonzalez, Marcos"]
[Black "Ramos Antona, Enrique"]
[Result "1-0"]
[WhiteElo "1811"]
[BlackElo "1436"]
[PlyCount "119"]
[EventDate "2020.02.03"]
[EventType "swiss"]
[EventRounds "9"]
[EventCountry "ESP"]
[SourceTitle "Ajedrez en Madrid"]
[Source "lmi"]
[SourceDate "2020.02.03"]
[SourceVersion "1"]
[SourceVersionDate "2020.02.27"]
[SourceQuality "1"]

1. c4 Nf6 2. g3 c6 3. Bg2 g6 4. Nf3 Bg7 5. O-O O-O 6. d4 d5 7. Nc3 Bf5 8. Qb3
Qb6 9. c5 Qxb3 10. axb3 Ne4 11. Bf4 Nd7 12. b4 Rfe8 13. e3 e5 14. Nxe5 Nxe5 15.
dxe5 Nxc3 16. bxc3 a6 17. h4 Bxe5 18. Bxe5 Rxe5 19. Rfd1 Bc2 20. Rd4 Bb3 21.
Bf1 Re4 22. Rxe4 dxe4 23. b5 cxb5 24. Bxb5 Rc8 25. c6 Bd5 26. cxb7 Bxb7 27. Be2
Rxc3 28. Bxa6 Bxa6 29. Rxa6 Rc1+ 30. Kg2 Rc7 31. Rf6 Kg7 32. Rf4 f5 33. g4 Kf6
34. Kg3 Rc3 35. g5+ Ke5 36. h5 Rc6 37. Rh4 Rc3 38. hxg6 hxg6 39. Kg2 Rc6 40.
Kg3 Re6 41. Rh8 Kd5 42. Kf4 Kc4 43. Rd8 Kc3 44. Rf8 Re7 45. Rf6 Rg7 46. Rd6 Kc4
47. Ke5 Kc5 48. Rd8 Rh7 49. Kf6 Rh2 50. Kxg6 Rxf2 51. Rf8 f4 52. exf4 e3 53. f5
e2 54. Re8 Kd4 55. f6 Kd3 56. f7 Kd2 57. Kg7 Rf5 58. g6 e1=Q 59. Rxe1 Kxe1 60.
f8=Q 1-0

[Event "Madrid 2019-2020 ch - Previa A"]
[Site "Madrid ESP"]
[Date "2020.02.03"]
[Round "1.27"]
[White "Penas Merino, Ramona"]
[Black "Roldan Garcia, Angel"]
[Result "0-1"]
[WhiteElo "1422"]
[BlackElo "1809"]
[PlyCount "30"]
[EventDate "2020.02.03"]
[EventType "swiss"]
[EventRounds "9"]
[EventCountry "ESP"]
[SourceTitle "Ajedrez en Madrid"]
[Source "lmi"]
[SourceDate "2020.02.03"]
[SourceVersion "1"]
[SourceVersionDate "2020.02.27"]
[SourceQuality "1"]

1. d4 Nf6 2. c4 g6 3. Nc3 Bg7 4. e4 d6 5. f3 O-O 6. Be3 c5 7. dxc5 dxc5 8. Qxd8
Rxd8 9. Bxc5 Nc6 10. Nge2 Nd7 11. Ba3 Nde5 12. Nf4 e6 13. Rc1 Bh6 14. Nce2 g5
15. Nh5 Nd3+ 0-1

[Event "Madrid 2019-2020 ch - Previa A"]
[Site "Madrid ESP"]
[Date "2020.02.03"]
[Round "1.28"]
[White "Garcia Diez, Mariano"]
[Black "Navas Marin, Felix"]
[Result "1-0"]
[WhiteElo "1804"]
[BlackElo "1421"]
[PlyCount "69"]
[EventDate "2020.02.03"]
[EventType "swiss"]
[EventRounds "9"]
[EventCountry "ESP"]
[SourceTitle "Ajedrez en Madrid"]
[Source "lmi"]
[SourceDate "2020.02.03"]
[SourceVersion "1"]
[SourceVersionDate "2020.02.27"]
[SourceQuality "1"]

1. e4 c6 2. d4 d5 3. e5 Bf5 4. h4 h5 5. Bd3 Bxd3 6. Qxd3 e6 7. Be3 Qb6 8. Nc3
Ne7 9. O-O-O Nf5 10. Nh3 Be7 11. Bg5 Nd7 12. Ne2 c5 13. c3 c4 14. Qc2 a5 15.
Ng3 Nxg3 16. fxg3 Bxg5+ 17. Nxg5 f5 18. exf6 Nxf6 19. Qg6+ Kd7 20. Qxg7+ Kc6
21. Qxf6 Rhe8 22. Nxe6 Kb5 23. a4+ Kxa4 24. Nc5+ Kb5 25. Qxb6+ Kxb6 26. Rde1
Kc7 27. Ne6+ Kd6 28. Nf4 Re7 29. Rxe7 Kxe7 30. Nxd5+ Kd6 31. Nf4 Re8 32. Kd2 b5
33. Re1 Re7 34. Rxe7 Kxe7 35. Nxh5 1-0